Normal view
MARC view
- Kalyal Hina Jawaid
Entry Personal Name
001 - CONTROL NUMBER
- control field: 124822
003 - CONTROL NUMBER IDENTIFIER
- control field: NUST
005 - DATE AND TIME OF LATEST TRANSACTION
- control field: 20240729101500.0
008 - FIXED-LENGTH DATA ELEMENTS
- fixed length control field: 240729|| aca||aabn | a|a d
040 ## - CATALOGING SOURCE
- Original cataloging agency: NUST
- Transcribing agency: NUST
100 ## - HEADING--PERSONAL NAME
- Personal name: Kalyal Hina Jawaid
670 ## - SOURCE DATA FOUND
- Source citation: Work cat.: (NUST): Kalyal Hina Jawaid , Factors Affecting Commitment to Change and Its Outcomes among Public Sector Managers in Pakistan/
